DYP-CHP hükümetinin uygulama programı (Record no. 6259)

MARC details
000 -BAŞLIK
Sabit Uzunlukta Kontrol Alanı 00615na a2200217 4500
001 - KONTROL NUMARASI
Denetim Alanı 19331
003 - KONTROL NUMARASI IDENTIFIER
Denetim Alanı MIRAKIL
005 - SON İŞLEM TARİHİ VE ZAMANI
Denetim Alanı 20181213155101.0
008 - SABİT-BOY VERİ ELEMANLARI - GENEL BİLGİLER
Sabit Uzunlukta Kontrol Alanı 170209b tu 000 0
040 ## - KATALOGLAMA KAYNAK
Orijinal Kataloglama Ajansı Milas
Kataloglama Dili tur
Metne Dönüştürmek Ajansı TR-AnCHP
041 ## - DİL KODU
Metin / Ses Parça Veya Ayrı Başlığın Dil Kodu tur
082 ## - DEWEY ONLU SINIFLANDIRMA NUMARASI
Sınıflandırma Numarası CHP 353.04
Ürün Numarası D96 1995
090 ## - SINIFLAMA NUMARASI
Sınıflama Numarası CHP 353.04 D96 1995
245 ## - BAŞLIK TABLOSU
Başlık DYP-CHP hükümetinin uygulama programı
246 ## - UNVAN FORM VARYING
Başlık Doğru / Kısa Başlığı DYP CHP hükümetinin uygulama programı
260 ## - YAYIN, DAĞITIM, VB
Yayın, Dağıtım, Vb Yeri Ankara
Yayıncı, Dağıtıcı, Vs Adı Başbakanlık Basımevi
Yayın, Dağıtım, Vb Tarihi 1995
300 ## - FİZİKSEL TANIM
Kapsam 47 s.
Boyutlar 19 sm.
610 ## - KONU KATMA GİRİŞ - TOPLANTI ADI
Giriş Elemanı Olarak Kurumsal Ad Veya Yargı Alanı Adı CHP
Genel Alt Bölüm Hükümet programları
650 ## - KONU KATMA GİRİŞ - TOPİKAL DÖNEM
Topikal Süreli Veya Coğrafi Ad Giriş Elemanı Hükümet
Genel Alt Bölümü Programlar, 1995
942 ## - EKLENDİ GİRİŞ ELEMANLARI (KOHA)
Sınıflandırma Veya Raf Düzeni Kaynak Dewey Decimal Classification
Koha Öğesi Türü Books
999 ## - SİSTEM KONTROL NUMARALARI (KOHA)
Koha Biblionumber 6259
Koha Biblioitemnumber 6259
Holdings
Kalıcı Konum Mevcut Konum Edinme Tarihi Edinim Kaynak Toplam Check-Out'Lar Tam Çağrı Numarası Barkod Tarih Son Görülme İtibaren Geçerli Fiyatlar Koha Öğesi Türü Kopya Sayısı
CHP Kütüphanesi CHP Kütüphanesi 12/13/2016 Bağış   CHP 353.04 D96 1995 010264 12/13/2016 12/13/2016 Books  
CHP Kütüphanesi CHP Kütüphanesi 12/13/2016 Bağış   CHP 353.04 D96 1995 010265 12/13/2016 12/13/2016 Books k.2
CHP Kütüphanesi CHP Kütüphanesi 02/09/2017 Bağış   CHP 353.04 D96 1995 014064 02/09/2017 02/09/2017 Books k.3